Slovensko na okraji? Sieťový pohľad na inovačné siete v Európe

Európske inovácie nevznikajú izolovane. Väčšina vynálezov je výsledkom spolupráce subjektov z rôznych krajín. Patenty preto nepredstavujú len jednoduchý frekvenčný ukazovateľ, ale odrážajú aj štruktúru a povahu spolupracujúcich sietí. To nám umožňuje sledovať schopnosť jednotlivých krajín zapojiť sa...

ver descrição completa

Na minha lista:
Detalhes bibliográficos
Autor principal: Šimčisko, Juraj, 2000-
Formato: Capítulo de Livro
Idioma:eslovaco
Assuntos:
Tags: Adicionar Tag
Sem tags, seja o primeiro a adicionar uma tag!

MARC

LEADER 00000naa a2200000 4500
001 0313940
005 20260113103602.8
041 0 |a slo 
044 |a SK 
245 1 0 |a Slovensko na okraji? Sieťový pohľad na inovačné siete v Európe  |c Juraj Šimčisko 
520 |a Európske inovácie nevznikajú izolovane. Väčšina vynálezov je výsledkom spolupráce subjektov z rôznych krajín. Patenty preto nepredstavujú len jednoduchý frekvenčný ukazovateľ, ale odrážajú aj štruktúru a povahu spolupracujúcich sietí. To nám umožňuje sledovať schopnosť jednotlivých krajín zapojiť sa do medzinárodného toku znalostí. Napriek významným pokrokom v sieťovej analýze začiatkom 21. storočia a boomu analytických metód v posledných desaťročiach zostáva sieťový pohľad relatívne málo využívaným nástrojom. Skúmanie, aké miesto majú krajiny Vyšehradskej štvorky (V4) v európskej patentovej sieti. Pomocou údajov OECD REGPAT za roky 2000 až 2019 sa sleduje, do akej miery sa krajiny V4 nachádzajú v jadre alebo na okraji európskeho inovačného priestoru. Cieľom je zistiť, ako sa mení integrácia krajín V4 do európskych inovačných sietí a aké sieťové postavenie má v tomto kontexte Slovensko. 
610 2 0 |a inovácia 
610 2 0 |a patenty 
610 2 0 |a vynálezy 
610 2 0 |a porovnanie medzinárodné 
610 2 0 |a Vyšehradská štvorka 
610 2 0 |a Európska únia 
100 1 |a Šimčisko, Juraj, 2000-